[Event "Charlotte Spring-A 2022"]
[Site "Charlotte"]
[Date "2022.03.17"]
[Round "2.3"]
[White "Korley, Kassa"]
[Black "Panjwani, Raja"]
[Result "1/2-1/2"]
[WhiteElo "2399"]
[BlackElo "2436"]
[Annotator "ChessBase"]
[PlyCount "75"]
[EventDate "2022.03.16"]
[EventType "tourn"]
[EventCountry "USA"]
[SourceTitle "playchess.com"]
[Source "ChessBase"]
[SourceQuality "1"]
[TimeControl "5400+30"]

1. d4 {[%emt 0:00:02]} Nf6 {[%emt 0:00:05]} 2. c4 {[%emt 0:00:06]} e6 {[%emt 0:00:08]} 3. Nf3 {[%emt 0:00:04]} b6 {[%emt 0:00:07]} 4. g3 {[%emt 0:00:11]} Bb7 {[%emt 0:00:09]} 5. Bg2 {[%emt 0:00:04]} Be7 {[%emt 0:00:07]} 6. O-O {[%emt 0:00:05]} O-O {[%emt 0:00:08]} 7. Nc3 {[%emt 0:00:32]} Ne4 {[%emt 0:00:10]} 8. Bd2 {[%emt 0:00:05]} f5 {[%emt 0:00:07]} 9. Qc2 {[%emt 0:08:33]} Bf6 {[%emt 0:02:27]} 10. Rad1 {[%emt 0:08:51]} d6 {[%emt 0:16:19]} 11. Ne1 {[%emt 0:05:14]} Nxc3 {[%emt 0:00:22]} 12. Bxc3 {[%emt 0:00:42]} Bxg2 {[%emt 0:00:25]} 13. Nxg2 {[%emt 0:00:05]} Nd7 {[%emt 0:10:13]} 14. Nf4 {[%emt 0:10:49]} Qe8 {[%emt 0:01:34]} 15. d5 {[%emt 0:08:06]} Bxc3 {[%emt 0:01:05]} 16. Qxc3 {[%emt 0:02:55]} Nc5 {[%emt 0:00:18]} 17. b4 {[%emt 0:00:40]} e5 {[%emt 0:00:56]} 18. bxc5 {[%emt 0:07:24]} exf4 {[%emt 0:02:04]} 19. cxd6 {[%emt 0:00:11]} cxd6 {[%emt 0:00:13]} 20. gxf4 {[%emt 0:16:11]} Qxe2 {[%emt 0:01:35]} 21. Rfe1 {[%emt 0:01:48]} Qh5 {[%emt 0:04:46]} 22. Rd3 {[%emt 0:01:49]} Rae8 {[%emt 0:06:15]} 23. Rxe8 {[%emt 0:03:37]} Rxe8 {[%emt 0:00:20]} 24. Re3 {[%emt 0:00:17]} Re4 {[%emt 0:05:27]} 25. Rxe4 {[%emt 0:00:13]} fxe4 {[%emt 0:00:05]} 26. Qe3 {[%emt 0:00:11]} Qe8 {[%emt 0:17:37]} 27. Kf1 {[%emt 0:01:14]} Kf8 {[%emt 0:00:55]} 28. Qh3 {[%emt 0:00:54]} h6 {[%emt 0:03:18]} 29. Qf5+ {[%emt 0:00:47]} Kg8 {[%emt 0:00:04]} 30. h4 {[%emt 0:03:06]} Kh8 {[%emt 0:05:54]} 31. h5 {[%emt 0:04:54]} e3 {[%emt 0:03:30]} 32. Qe6 {[%emt 0:01:00]} Qxh5 {[%emt 0:00:18]} 33. fxe3 {[%emt 0:00:07]} Qf3+ {[%emt 0:01:23]} 34. Ke1 {[%emt 0:00:04]} h5 {[%emt 0:01:46]} 35. Qc8+ {[%emt 0:01:09]} Kh7 {[%emt 0:00:04]} 36. Qf5+ {[%emt 0:00:03]} Kg8 {[%emt 0:00:33]} 37. Qe6+ {[%emt 0:00:11]} Kh7 {[%emt 0:00:16]} 38. Qf5+ {[%emt 0:00:03]} 1/2-1/2

[Event "Charlotte Spring-A 2022"]
[Site "Charlotte"]
[Date "2022.03.17"]
[Round "2.4"]
[White "Lee, Michael"]
[Black "Mishra, Abhimanyu"]
[Result "1/2-1/2"]
[WhiteElo "2379"]
[BlackElo "2505"]
[Annotator "TA"]
[PlyCount "58"]
[EventDate "2022.03.16"]
[EventType "tourn"]
[EventCountry "USA"]
[SourceTitle "playchess.com"]
[Source "ChessBase"]
[SourceQuality "1"]

{[%evp 28,58,38,37,24,25,221,191,204,225,210,211,218,192,235,0,0,0,230,230,238,0,12,14,4,10,28,27,18,35,43,22,41]} 1. d4 d5 2. c4 c6 3. Nf3 Nf6 4. Nc3 e6 5. Bg5 dxc4 6. e4 {[%cal Be2e4,Be4e5][%mdl 32]} b5 7. e5 h6 8. Bh4 g5 9. Nxg5 hxg5 10. Bxg5 Be7 11. exf6 Bxf6 12. Bxf6 Qxf6 13. g3 Bb7 14. Bg2 Na6 15. a4 O-O-O $1 {[%cal Oa6c5] D44: Semi-Slav: Botvinnik System.} 16. axb5 Rxd4 $2 {[#]} 17. Qe2 $1 $18 cxb5 {White is clearly better.} 18. Bxb7+ Kxb7 19. Nxb5 Rd5 20. Nc3 {[#] Strongly threatening 0-0.} Rd4 $146 (20... Re5 $142 21. Ne4 Qe7) ({Predecessor:} 20... Re5 21. Ne4 Qe7 22. O-O Rc8 23. Qf3 Rc6 24. Nc3 Nb4 25. Rfd1 Rf5 26. Qe4 Qc5 27. Qg2 Nd3 28. Ne4 Qd4 {1-0 (53) Albornoz Cabrera,C (2573)-Ali Marandi,C (2543) Tornelo INT 2021}) 21. Nb5 (21. f4 Nb4 22. O-O (22. Nb5 $2 Nd3+ 23. Kf1 Rxf4+ 24. Kg1 Rf3 $19) 22... Qd8 $11) 21... Rd5 $36 {[%mdl 2048] Black has good play.} 22. Nc3 Rd4 $1 23. O-O {[%cal Ob2b3]} ({Weaker is} 23. f4 Nb4 24. O-O (24. Nb5 $2 Nd3+ 25. Kf1 Rxf4+ 26. Kg1 Rf3 $19) 24... Qd8 $11) 23... Qf5 24. f4 $2 (24. Rfd1 $18 Rhd8 25. Rxd4 Rxd4 26. Ra4) 24... Qc5 $11 {[#] And now ...Rd2+ would win.} 25. Rf2 {Qf3+ is the strong threat.} Nb4 26. Qe5 Rh5 27. Qxc5 {Dancing on a razor blade.} Rxc5 28. h4 Rd3 29. Kg2 Nd5 $1 {Weighted Error Value: White=0.41/Black=0.37} 1/2-1/2

[Event "Charlotte Spring-A 2022"]
[Site "Charlotte"]
[Date "2022.03.17"]
[Round "2.5"]
[White "Bodek, Michael"]
[Black "Mista, Aleksander"]
[Result "1/2-1/2"]
[WhiteElo "2418"]
[BlackElo "2551"]
[Annotator "TA"]
[PlyCount "96"]
[EventDate "2022.03.16"]
[EventType "tourn"]
[EventCountry "USA"]
[SourceTitle "playchess.com"]
[Source "ChessBase"]
[SourceQuality "1"]

{[%evp 10,96,18,10,13,13,0,0,4,0,1,-16,0,0,0,-9,0,-17,0,0,13,2,8,-17,22,7,10,7,13,-29,-28,-27,-25,-26,-24,-28,-25,-30,-1,-40,-8,-8,-8,-8,-8,-8,-8,-19,-19,-27,-20,-28,-20,-27,-8,-8,-8,-11,-11,-13,-14,-29,-8,-8,-8,-8,-8,-8,-8,-8,0,-8,0,0,0,0,0,-8,0,0,0,0,0,0,0,0,0,0,-8]} 1. e4 e5 2. Nf3 Nc6 3. Bc4 Bc5 4. c3 Nf6 5. d3 d6 6. Bb3 a5 {C54: Giuoco Piano: 4 c3 Nf6, main lines with 5 d4 and 5 d3.} 7. O-O h6 8. Nbd2 {[%cal Bb1d2,Bd2e4,Be4g3][%mdl 32]} O-O 9. h3 {9.h3 is better than 9.Re1.} Be6 10. Bc2 Re8 11. Re1 d5 12. exd5 Bxd5 13. Ne4 {[#]} Bf8 $146 ({Predecessor:} 13... Nxe4 14. dxe4 Bc4 15. Nd2 Be6 16. a4 Qh4 17. Qf3 Rad8 18. Nf1 Rd6 19. Ng3 Red8 {½-½ (58) Khanin,S (2514)-Bocharov,I (2563) St Petersburg 2018}) 14. Be3 Nd7 15. Ng3 g6 16. d4 exd4 17. Nxd4 Nxd4 18. Qxd4 c6 19. Bb3 (19. c4 {is more appropriate.} Bg7 20. Qf4) 19... Bxb3 $11 20. axb3 Nc5 {White must now prevent ...Qxd4.} 21. Qxd8 Rexd8 22. Bxc5 Bxc5 23. Red1 f5 24. Nf1 {[%cal Oa1a5]} Bb6 {[%cal Bc5b6,Bb6d8,Bd8c7,Bc7e5][%mdl 32]} 25. Ne3 Rxd1+ 26. Rxd1 Rd8 27. Rxd8+ Bxd8 {[%mdl 4096] Endgame KB-KN} 28. Nc4 Bc7 29. Kf1 Kf7 30. Ke2 Ke6 31. Kd3 b5 32. Nd2 Be5 33. Nf3 Bf6 34. Nd4+ Kd5 35. Nc2 Bd8 36. c4+ {The position is equal.} Kc5 {Black wants to play ...bxc4+.} 37. cxb5 cxb5 38. b4+ axb4 {Hoping for ...Bh4.} 39. b3 $1 Bf6 40. Ne1 Kd5 41. f4 Be7 42. Nf3 Bf6 43. Ne1 $1 g5 44. fxg5 hxg5 45. Nf3 f4 46. Nd2 Ke5 47. Nf3+ $1 Kf5 48. Nh2 Bc3 {An interesting draw.  Weighted Error Value: White=0.05 (flawless) /Black=0.06 (flawless)} 1/2-1/2

[Event "Charlotte Spring-A 2022"]
[Site "Charlotte"]
[Date "2022.03.17"]
[Round "3.1"]
[White "Mista, Aleksander"]
[Black "Dragun, Kamil"]
[Result "1/2-1/2"]
[WhiteElo "2551"]
[BlackElo "2590"]
[Annotator "TA"]
[PlyCount "38"]
[EventDate "2022.03.16"]
[EventType "tourn"]
[EventCountry "USA"]
[SourceTitle "playchess.com"]
[Source "ChessBase"]
[SourceQuality "1"]

{[%evp 15,16,0,0]} 1. c4 Nf6 2. Nf3 g6 3. Nc3 Bg7 4. e4 d6 5. d4 O-O 6. Be2 e5 7. dxe5 dxe5 8. Qxd8 Rxd8 {[#]} {Predecessor:} 9. Bg5 $146 {E92: King's Indian: Classical: 6 Be2 e5: 7 dxe5, 7 Be3 and Petrosian System without 7...Nbd7.} Na6 10. Nd5 Rd6 11. Bxf6 Bxf6 12. O-O-O Bg4 13. b4 c6 14. c5 cxd5 15. cxd6 dxe4 16. Ng1 Bxe2 17. Nxe2 Nxb4 18. Kb1 Nd3 19. Rhf1 Rd8 {1-0 (86) Karjakin,S (2743)-Firouzja,A (2804) Warsaw 2021} 1/2-1/2

[Event "Charlotte Spring-A 2022"]
[Site "Charlotte"]
[Date "2022.03.18"]
[Round "3.2"]
[White "Mishra, Abhimanyu"]
[Black "Bodek, Michael"]
[Result "1-0"]
[WhiteElo "2505"]
[BlackElo "2418"]
[Annotator "TA"]
[PlyCount "61"]
[EventDate "2022.03.16"]
[EventType "tourn"]
[EventCountry "USA"]
[SourceTitle "playchess.com"]
[Source "ChessBase"]
[SourceQuality "1"]

{[%evp 9,61,4,7,0,29,24,29,27,30,23,31,26,49,42,52,50,113,96,99,102,103,89,143,120,179,182,242,248,314,308,377,366,460,481,659,693,661,672,626,483,671,681,684,676,670,661,667,656,808,804,796,783,780,716]} 1. e4 c5 2. Nf3 d6 3. Bb5+ Nd7 4. a4 Ngf6 5. Nc3 a6 6. Be2 {B51: Sicilian: Moscow Variation (3 Bb5+) without 3...Bd7.} g6 7. a5 Bg7 8. O-O {White has an edge.} O-O 9. d3 Nb8 10. e5 dxe5 11. Nxe5 Be6 12. Bf3 {[#]} Qc8 $146 {Black is on the road to losing.} (12... Qc7 $14 13. Bf4 Nh5 14. Bxh5 Bxe5 15. Bxe5 Qxe5) ({Predecessor:} 12... Nbd7 13. Re1 Nxe5 14. Rxe5 Qc7 15. Bf4 Nh5 16. Rxe6 Nxf4 17. Rb6 Rab8 18. Qe1 Rfd8 {0-1 (68) Molner,M (2448)-Johnson,D (1881) Charlotte 2021}) 13. Bf4 Nfd7 14. Nxd7 {White is much more active.} Nxd7 15. Re1 Kh8 ({Black should try} 15... Re8) 16. Qd2 Ra7 (16... Re8 $16 17. Re2 Bf5) 17. Na4 $18 Bd4 (17... Re8 $142 18. Rac1 Bf5) 18. c3 {[%cal Bc2c3,Bc3d4,Bd4d5][%mdl 32]} Bg7 19. d4 cxd4 20. cxd4 Nf6 21. d5 {White is clearly winning.} Bg4 22. Nb6 Qd8 23. Bxg4 Nxg4 24. Qe2 f5 25. h3 Nf6 26. Qxe7 Qxe7 27. Rxe7 Ne4 28. Rc1 Bf6 29. Be5 Bxe5 30. Rxe5 Kg7 31. Rc7+ {Weighted Error Value: White=0.08 (flawless) /Black=0.45} 1-0

[Event "Charlotte Spring-A 2022"]
[Site "Charlotte"]
[Date "2022.03.18"]
[Round "3.3"]
[White "Panjwani, Raja"]
[Black "Lee, Michael"]
[Result "1/2-1/2"]
[WhiteElo "2436"]
[BlackElo "2379"]
[Annotator "TA"]
[PlyCount "74"]
[EventDate "2022.03.16"]
[EventType "tourn"]
[EventCountry "USA"]
[SourceTitle "playchess.com"]
[Source "ChessBase"]
[SourceQuality "1"]

{[%evp 17,74,0,2,-4,-7,-18,-24,-28,48,27,91,90,94,93,76,81,87,67,41,33,47,72,35,16,23,22,16,14,23,8,24,-29,0,0,0,-15,7,14,28,36,30,28,42,24,22,20,64,-24,-24,-23,-5,-148,-144,-155,-13,-166,-200,-181,-181]} 1. d4 Nf6 2. Nf3 d5 3. c4 e6 4. g3 Bb4+ 5. Bd2 Be7 6. Bg2 O-O 7. O-O c6 8. Qc2 Nbd7 $1 {[%mdl 4] is now more promising than 8...b6.} 9. b3 b6 10. Nc3 {E11: Bogo-Indian.} Ba6 11. e4 dxc4 12. Rfe1 {Black has an edge.} e5 {[#]} (12... cxb3 $11 13. axb3 Bb7) 13. Ne2 $146 ({Much weaker is} 13. Nxe5 Nxe5 14. dxe5 Ng4 $15) (13. dxe5 Ng4 $15) ({Predecessor:} 13. Rad1 cxb3 14. axb3 Qe8 15. h3 Bb4 16. Bg5 Qe7 17. Re3 Rfd8 18. Na2 Bd6 19. Qxc6 exd4 20. Nxd4 {½-½ (58) Korley,K (2402)-Yoo,C (2499) New York 2021}) 13... cxb3 (13... b5 $11 {remains equal.}) 14. axb3 $16 Bxe2 15. Rxe2 Qc7 16. Bc3 {[%cal Rd4e5] White is more active.} Bd6 17. dxe5 Nxe5 18. Nd4 {Threatens to win with f4.} Rfd8 19. Rd1 Bf8 20. Red2 a5 21. Nf5 {aiming for Rxd8.} Rxd2 22. Qxd2 Re8 23. h3 {[%mdl 1024] White has compensation.} Ng6 {[#]} 24. Re1 (24. Nh6+ $142 $1 gxh6 25. Bxf6) 24... Qd8 25. Qc2 Qc7 26. Ba1 Bb4 27. Rd1 Rd8 28. Rxd8+ Qxd8 29. e5 Nd5 30. e6 fxe6 31. Nxg7 Qd6 (31... Qd7 $11 {deserves consideration.}) 32. Nh5 (32. h4 $1 $14) 32... Qc5 $11 33. Qd1 Bc3 34. Bxc3 (34. Bxd5 $11 exd5 35. Nf6+ Bxf6 36. Bxf6) 34... Qxc3 $17 35. Qg4 Qe5 (35... Qe1+ $17 36. Kh2 Kf7 37. Bxd5 exd5 38. Qf3+ Ke6 39. Ng7+ (39. Qf6+ Kd7 $17) 39... Kd7) 36. Be4 $2 {[#]} (36. Bxd5 $11 exd5 37. Nf4) 36... Kf7 $1 $19 37. Qf3+ {[#]} Ke7 $1 {Weighted Error Value: White=0.25 (precise) /Black=0.25 (precise)} 1/2-1/2

[Event "Charlotte Spring-A 2022"]
[Site "Charlotte"]
[Date "2022.03.18"]
[Round "3.4"]
[White "Ostrovskiy, Aleksandr"]
[Black "Korley, Kassa"]
[Result "1/2-1/2"]
[WhiteElo "2409"]
[BlackElo "2399"]
[Annotator "TA"]
[PlyCount "56"]
[EventDate "2022.03.16"]
[EventType "tourn"]
[EventCountry "USA"]
[SourceTitle "playchess.com"]
[Source "ChessBase"]
[SourceQuality "1"]

{[%evp 12,56,16,4,9,0,0,0,1,6,16,0,5,0,16,22,12,8,0,0,0,0,0,0,0,0,0,0,0,0,0,-4,-17,-17,0,0,0,0,0,-14,0,0,0,-16,0,0,0]} 1. e4 e5 2. Nf3 Nf6 3. Nc3 Nc6 4. Bb5 Bb4 5. O-O O-O 6. Bxc6 dxc6 7. d3 {The position is equal.} Nd7 {C49: Four Knights: 4 Bb5 Bb4.} 8. Ne2 Re8 9. b3 Bf8 10. Bb2 {[#]} a5 $146 ({Predecessor:} 10... c5 11. Ng3 g6 12. Nd2 Bg7 13. f4 exf4 14. Bxg7 fxg3 15. Bb2 gxh2+ 16. Kh1 f6 {1-0 (35) Collutiis,D (2477)-Altini,N (2410) Civitanova Marche 2015}) 11. a4 b6 12. Nd2 Qg5 13. Nc4 {[%cal Oc4e5]} f6 14. Kh1 Ba6 15. f4 exf4 16. Bc1 Bxc4 17. Bxf4 Qc5 {[#] ...Ba6 is the strong threat.} 18. bxc4 Bd6 19. Bxd6 Qxd6 20. Ng3 g6 21. Qd2 Nc5 {[%cal Oc5e4]} 22. Qf2 Re6 23. Ne2 Rf8 24. Nd4 Ree8 25. Nf3 Qf4 26. Nd4 Qd6 27. Nf3 Qf4 28. Nd4 Qd6 {An even fight not without its subleties.  Weighted Error Value: White=0.02 (flawless) /Black=0.03 (flawless)} 1/2-1/2

[Event "Charlotte Spring-A 2022"]
[Site "Charlotte"]
[Date "2022.03.18"]
[Round "3.5"]
[White "Guo, Arthur"]
[Black "Liang, Jason"]
[Result "1-0"]
[WhiteElo "2412"]
[BlackElo "2419"]
[Annotator "TA"]
[PlyCount "79"]
[EventDate "2022.03.16"]
[EventType "tourn"]
[EventCountry "USA"]
[SourceTitle "playchess.com"]
[Source "ChessBase"]
[SourceQuality "1"]

{[%evp 11,79,23,31,16,18,18,22,10,39,8,12,9,4,13,45,32,33,0,10,0,0,0,24,0,99,95,99,93,98,68,127,0,0,0,0,18,19,0,0,0,72,61,76,60,66,48,101,36,219,209,178,178,454,407,831,721,631,643,29980,29981,29981,0,0,0,29986,29987,29987,29988,29990,29991]} 1. e4 c5 2. Nf3 e6 3. d4 cxd4 4. Nxd4 Nc6 5. Nc3 Qc7 6. Be3 a6 7. f3 {7.g4 is becoming the main line. B48: Sicilian: Taimanov: 5 Nc3 Qc7 6 Be3 a6 without Be2.} Nf6 8. g4 Be7 9. Qd2 {The position is equal.} b5 10. Nxc6 dxc6 11. O-O-O O-O 12. Qf2 (12. g5 {feels hotter.} Nh5 13. f4 c5 14. Qf2 Bb7 15. Be2) 12... Rd8 13. Rxd8+ Qxd8 14. h4 e5 15. Bh3 Ne8 16. Rd1 {[#]} Nd6 $146 ({Predecessor:} 16... Qc7 17. Bf1 Be6 18. g5 Rd8 19. Bd3 Rd7 20. Bc5 f6 21. Bxe7 Rxe7 22. Qc5 Kf7 {½-½ (39) Koelewijn,A (2381)-Sipilae,V ICCF email 2020}) 17. f4 Qc7 (17... Qf8 $11) 18. Bb6 $16 (18. fxe5 Nc4 19. Bc5 Be6 $17) 18... Qb8 {[%cal Oh7h5]} 19. Bc5 {White is more active.} (19. fxe5 $6 Nc4 20. Bc5 Qxe5 $11) 19... Qc7 20. f5 $1 (20. fxe5 Nc4 $15) 20... a5 (20... b4 $14 21. Bb6 (21. Bxb4 Nxf5 22. exf5 Bxb4 $14) 21... Qb8) 21. f6 (21. g5 $16) 21... gxf6 $11 22. g5 $1 fxg5 (22... Bxh3 23. gxf6 Bf8 24. Qg3+ Kh8 25. Bxd6 (25. Qxh3 b4 $14) 25... Bh6+ 26. Kb1 $16) 23. Bxc8 Rxc8 (23... Nxc8 24. Qf5 $1 Nb6 25. Be3 $16) 24. Bxd6 Bxd6 25. hxg5 Rd8 (25... Re8 $11 {remains equal.}) 26. Rh1 $1 $16 {Black must now prevent Qf5.} Bf8 27. Qf5 {[%csl Gh1][%cal Rf5h7]} Bg7 28. Qxh7+ Kf8 29. g6 (29. Rf1 $1 $16) 29... f6 $2 ({Black should try} 29... Rd6 $1 $14) 30. Kb1 $18 Qd7 31. Qh5 $1 {And now Ne2 would win.} Qe6 $2 (31... b4 {was worth a try.}) 32. Nd1 {[%cal Bc3d1,Bd1e3,Be3f5][%mdl 32] Threatens to win with Ne3.} a4 (32... f5 $142 33. exf5 Qf6) 33. Ne3 b4 34. Nf5 b3 35. Nxg7 bxc2+ {[#]} 36. Kxc2 $2 (36. Kc1 $1 {mates} Rd1+ 37. Kxc2 Qc4+ 38. Kxd1 Qxe4 {[#]} 39. Kc1 $1 Ke7 40. Rd1 Qf4+ 41. Kb1) 36... Qc4+ $11 37. Kb1 {White threatens Nf5 and mate.} a3 $2 {[%mdl 8192] [#]} (37... Qxe4+ $11 38. Ka1 a3 39. Qh8+ (39. bxa3 {gets mated.} Qd4+ 40. Kb1 Qd3+ 41. Kc1 Qc3+ 42. Kb1 Rb8#) (39. Ne6+ Ke7 $11) 39... Ke7) 38. Ne6+ $1 {[%mdl 512] White mates.} Qxe6 39. Qh8+ Ke7 40. Rh7+ {Weighted Error Value: White=0.23 (precise) /Black=0.73} 1-0

[Event "Charlotte Spring-A 2022"]
[Site "Charlotte"]
[Date "2022.03.18"]
[Round "4.1"]
[White "Dragun, Kamil"]
[Black "Liang, Jason"]
[Result "1/2-1/2"]
[WhiteElo "2590"]
[BlackElo "2419"]
[Annotator "TA"]
[PlyCount "83"]
[EventDate "2022.03.16"]
[EventType "tourn"]
[EventCountry "USA"]
[SourceTitle "playchess.com"]
[Source "ChessBase"]
[SourceQuality "1"]

{[%evp 11,83,29,35,0,0,2,4,0,0,0,0,0,0,0,0,0,0,0,18,2,1,23,14,0,0,-25,-21,-114,-102,-104,-95,-121,-33,-87,-25,-25,0,-39,-48,-44,-33,-32,-44,-65,-46,-170,-162,-154,-160,-157,0,0,0,0,0,0,0,0,0,0,0,0,0,0,0,0,0,0,0,0,0,0,0,0]} 1. e4 c5 2. Nf3 e6 3. d4 cxd4 4. Nxd4 Nc6 5. Nc3 Qc7 6. Be3 a6 7. g4 {The modern move. B48: Sicilian: Taimanov: 5 Nc3 Qc7 6 Be3 a6 without Be2.} b5 {[%cal Bb7b5,Bb5b4][%mdl 32]} 8. Nxc6 Qxc6 9. Qd2 b4 10. Ne2 Qxe4 11. Rg1 Qc4 12. Ng3 Qc7 (12... Qxg4 13. h3 Qg6 14. Be2 $16) 13. O-O-O Nf6 14. Nh5 Bb7 (14... Qxh2 $2 15. Bg2 Nxg4 16. Bxa8 Nxe3 17. fxe3 (17. Nxg7+ Bxg7 18. fxe3 Qxd2+ 19. Rxd2 Bh6 $11) 17... Qxd2+ 18. Kxd2 $18) 15. Bd4 Nxh5 16. gxh5 {[%cal Oh5h6] Black must now prevent h6!} Rg8 {[#]} 17. Be5 $1 Qc6 {[#]} (17... d6 18. Bxd6) 18. Rg4 $146 ({Predecessor:} 18. Bd3 f5 19. Kb1 a5 20. h6 g6 21. h4 Ba6 22. Bf4 Bxd3 23. Qxd3 Be7 24. Bg5 Bxg5 25. hxg5 {1-0 (39) Ali Marandi,C (2542)-Maiti,M (2395) Charlotte 2021}) 18... Qd5 19. Qe3 (19. Qf4 $1 $11 Qc6 20. Kb1) 19... Qxa2 $17 20. b3 Qa5 (20... Rc8 21. Rc4 Rxc4 22. Bxc4 $11) 21. Kb1 Qc5 ({Black should play} 21... Be7 $1 $17 22. Be2 g6) 22. Qg3 ({White should try} 22. Qd2 $15 Bc6 23. Rc4) 22... Bd5 (22... Rc8 $1 $17 23. Rc4 Qa5) 23. Bc4 $1 $11 {Hoping for Bxd5.} Rc8 (23... Bc6 $5 {[%cal Ra6a5]}) 24. Qd3 {Strongly threatening Rd4.} (24. Rxd5 $5 exd5 25. Rd4 $15) 24... Bc6 {[%cal Bd5c6,Bc6f3,Bf3d1][%mdl 32]} 25. Bxa6 Rd8 (25... Ra8 26. Bb7 $1 Bb5 27. Qxh7 $16) 26. Bc7 Ra8 (26... Qxh5 $2 27. Rc4 Bc5 28. Bxd8 Kxd8 29. c3 $18) 27. Rc4 Qd5 28. Rd4 (28. Qf1 $1 $15 Qf3 29. Rcd4) 28... Qf3 $19 ({Don't play} 28... Qxh5 $6 29. Rxd7 Qxd1+ 30. Qxd1 $14) 29. Qxf3 Bxf3 30. Bb5 Bc5 $2 (30... Bxd1 $17 31. Rxd7 Be2 $1 {[%mdl 512]} 32. Rd8+ Ke7 33. Rd7+ Kf6 34. Bxe2 Bc5) 31. Rxd7 $11 {The position is equal.} ({Not} 31. Bxd7+ $2 Ke7 32. R1d3 {[#]} Ra7 $1 $17) 31... Bxd1 32. Bd6 {White wants to mate with Ra7+.} Ra5 33. Re7+ $1 Kd8 34. Rd7+ Kc8 ({But not} 34... Ke8 35. Re7+ Kd8 36. Rd7+ Kc8 37. Rc7+ Kb8 38. Rxc5+ Kb7 39. Rc7+ Kb6 40. Ba4 $17) 35. Rc7+ Kb8 36. Rxc5+ Kb7 {Threatens to win with ...Kb6.} 37. Rc7+ $1 {[%mdl 64] Discovered Attack} Kb6 38. Ba4 {A strong pair of Bishops.} Rd8 39. Rc6+ Kb7 {[%cal Oa5a4] ...Rxa4! is the strong threat.} 40. Rc7+ Kb6 41. Rc6+ Kb7 {[%cal Oa5a4] aiming for ...Rxa4!} 42. Rc7+ {Weighted Error Value: White=0.14 (very precise) /Black=0.15 (very precise)} 1/2-1/2

[Event "Charlotte Spring-A 2022"]
[Site "Charlotte"]
[Date "2022.03.18"]
[Round "4.2"]
[White "Korley, Kassa"]
[Black "Guo, Arthur"]
[Result "0-1"]
[WhiteElo "2399"]
[BlackElo "2412"]
[Annotator "ChessBase"]
[PlyCount "72"]
[EventDate "2022.03.16"]
[EventType "tourn"]
[EventCountry "USA"]
[SourceTitle "playchess.com"]
[Source "ChessBase"]
[SourceQuality "1"]
[TimeControl "5400+30"]

1. d4 {[%emt 0:01:39]} Nf6 {[%emt 0:00:22]} 2. c4 {[%emt 0:00:07]} e6 {[%emt 0:00:05]} 3. Nf3 {[%emt 0:00:02]} d5 {[%emt 0:00:41]} 4. g3 {[%emt 0:00:04]} dxc4 {[%emt 0:00:09]} 5. Bg2 {[%emt 0:00:13]} c6 {[%emt 0:00:21]} 6. O-O {[%emt 0:01:07]} b5 {[%emt 0:00:35]} 7. Ne5 {[%emt 0:23:42]} Bb7 {[%emt 0:00:26]} 8. b3 {[%emt 0:00:25]} cxb3 {[%emt 0:00:37]} 9. axb3 {[%emt 0:00:40]} Nd5 {[%emt 0:02:00]} 10. e4 {[%emt 0:06:41]} Nf6 {[%emt 0:02:58]} 11. Bb2 {[%emt 0:07:21]} Be7 {[%emt 0:07:16]} 12. Qc2 {[%emt 0:03:11]} O-O {[%emt 0:01:28]} 13. Nd2 {[%emt 0:00:28]} Qb6 {[%emt 0:01:46]} 14. Rfc1 {[%emt 0:05:58]} Nfd7 {[%emt 0:12:03]} 15. Nd3 {[%emt 0:04:53]} a5 {[%emt 0:10:54]} 16. e5 {[%emt 0:11:35]} Rd8 {[%emt 0:05:31]} 17. Ne4 {[%emt 0:02:31]} Na6 {[%emt 0:01:39]} 18. Ndc5 {[%emt 0:00:43]} Nb4 {[%emt 0:09:02]} 19. Qe2 {[%emt 0:00:03]} Qc7 {[%emt 0:01:14]} 20. h4 {[%emt 0:04:08]} Bxc5 {[%emt 0:06:47]} 21. dxc5 {[%emt 0:12:31]} Nxe5 {[%emt 0:00:23]} 22. f4 {[%emt 0:04:52]} Ned3 {[%emt 0:02:20]} 23. Nf6+ {[%emt 0:01:53]} gxf6 {[%emt 0:02:25]} 24. Bxf6 {[%emt 0:00:07]} Nxc1 {[%emt 0:02:38]} 25. Rxc1 {[%emt 0:00:16]} Nd5 {[%emt 0:05:42]} 26. Bxd5 {[%emt 0:04:53]} Rxd5 {[%emt 0:10:57]} 27. Qg4+ {[%emt 0:00:06]} Kf8 {[%emt 0:00:01]} 28. Qg7+ {[%emt 0:00:05]} Ke8 {[%emt 0:00:01]} 29. Re1 {[%emt 0:04:02]} Kd7 {[%emt 0:00:25]} 30. Qxh7 {[%emt 0:00:05]} Rf8 {[%emt 0:02:01]} 31. h5 {[%emt 0:00:40]} Kc8 {[%emt 0:01:28]} 32. h6 {[%emt 0:00:13]} Rf5 {[%emt 0:03:10]} 33. Qg7 {[%emt 0:01:11]} Rxf6 {[%emt 0:00:02]} 34. Qxf6 {[%emt 0:00:33]} Qd8 {[%emt 0:00:20]} 35. Qa1 {[%emt 0:00:30]} Rh8 {[%emt 0:01:08]} 36. Rd1 {[%emt 0:00:27]} Qf8 {[%emt 0:00:49]} 0-1